Characters in Holes - Statistics

General Stats
  • This quiz has been taken 48 times
  • The average score is 10 of 25
Answer Stats
Characters % Correct
Hector Zeroni
91%
Mr Sir
80%
Theodore
71%
Warden
63%
Magnet
60%
Sam
60%
X-ray
57%
Zig-Zag
57%
Kathryn Barlow
51%
Twitch
51%
Squid
43%
Lewis
40%
Dr Pendanski
37%
Madame Zeroni
37%
Stanley Yelnats III
37%
Elya
34%
Stanley Yelnats IV
31%
Clyde Livingston
23%
Myra
20%
Igor
17%
Linda
17%
Mary Lou
17%
Charles
14%
Myra's Father
0%
Zeros Mother
0%
No matching quizzes found
Score Distribution
Percent of People with Each Score
Percentile by Number Answered
Your Score History
You have not taken this quiz